000 00575nam a2200217Ii 4500
003 JO-AjNU
008 230606s9999||||xx |||||||||||||| ||und||
020 _a978-81-8455-149-5
040 _aJO-AjNU
_beng
_erda
_cJO-AjNU
041 _aeng
050 1 4 _aBF721.2009
100 3 _aGupta .D.K,
_eauthor
_9128
245 0 0 _aChild Psychology
250 _a1 ed
264 3 1 _aNew Delhi:Omega Publications, 2009
300 _a260p
336 _atext
_btxt
_2rdacontent
337 _aunmediated
_bn
_2rdamedia
338 _avolume
_bnc
_2rdacarrier
650 4 _aChild Psychology
_9129
999 _aE68
_c68
_d68